Statistics for Top 15 Countries with Covid-19 Cases - 8 May

Click here to take the quiz!

General Stats

  • This quiz has been taken 16 times
  • The average score is 13 of 24

Answer Stats

country% Correct
United States
88%
China
81%
France
81%
Germany
81%
Italy
81%
United Kingdom
81%
Russia
75%
Spain
75%
Canada
69%
Netherlands
56%
Sweden
56%
Belgium
50%
India
50%
Iran
50%
Ireland
50%
Turkey
50%
Brazil
44%
Switzerland
44%
Portugal
38%
Belarus
31%
Singapore
25%
Peru
19%
Bahrain
13%
Qatar
13%

Score Distribution

Percentile by Number Answered

Percent of People with Each Score

Your Score History

You have not taken this quiz